| 000 | 00598nam a2200217 a 4500 | ||
|---|---|---|---|
| 005 | 20210223121633.0 | ||
| 008 | 991125s1999 mx 000 0 spa u | ||
| 020 | _a9682321719 | ||
| 035 | _aUPN01000021433 | ||
| 049 | _aCG | ||
| 050 | 4 |
_aHV4051 A5 _bE2.48 1999 |
|
| 100 | 1 | _aEckstein, Susan | |
| 245 | 1 | 3 |
_aEl Estado y la pobreza urbana en México / _cSusan Eckstein. |
| 250 | _a2a ed. | ||
| 260 |
_aMéxico : _bSiglo XXI, _c1999. |
||
| 300 | _a420 p. | ||
| 440 | 0 | _aSociología y política | |
| 650 | 4 |
_aBARRIOS BAJOS - _zMEXICO _92928 |
|
| 650 | 4 |
_aPOBRES - _zMEXICO _91194 |
|
| 905 | _aLibro | ||
| 999 |
_c21433 _d21433 |
||